Statistics for English Football Clubs by Badge

Click here to take the quiz!

General Stats

  • This quiz has been taken 11,415 times
    (3,976 since last reset)
  • The average score is 61 of 92

Answer Stats

Answer% Correct
Arsenal
97%
{West} {Ham} United
97%
{Aston} {Villa}
94%
Liverpool
94%
{Manchester} United
94%
{Leeds} United
92%
Chelsea
91%
{Norwich} City
91%
Bournemouth
90%
Everton
90%
{Newcastle} United
90%
{Hull} City
89%
{Manchester} City
89%
{Tottenham} {Hotspur}
89%
{Wolverhampton} Wanderers
89%
{Brighton} & {Hove} Albion
88%
{Leicester} City
88%
{Nottingham} {Forest}
87%
Southampton
87%
{West} {Bromwich} Albion
87%
Burnley
86%
{Crystal} {Palace}
85%
{Stoke} City
85%
{Sheffield} United
84%
Watford
84%
{Derby} County
83%
Sunderland
83%
{Blackburn} Rovers
82%
Brentford
82%
{Ipswich} Town
79%
{Birmingham} City
77%
Middlesbrough
77%
{Swansea} City
77%
{Cardiff} City
76%
{Wigan} Athletic
76%
{Luton} Town
75%
{Oxford} United
74%
{Charlton} Athletic
73%
Millwall
73%
Fulham
72%
Reading
70%
{Sheffield} {Wednesday}
70%
Portsmouth
69%
{Plymouth} {Argyle}
68%
Wrexham
68%
{Notts} County
66%
Barnsley
64%
{Bristol} City
64%
{Huddersfield} Town
64%
Wimbledon
64%
{Wycombe} Wanderers
63%
{Bristol} Rovers
61%
{Burton} Albion
61%
{Rotherham} United
61%
{Bolton} Wanderers
60%
{Preston} {North} {End}
60%
{Coventry} City
59%
{Salford} City
57%
{Bradford} City
56%
{Forest} {Green} Rovers
56%
Morecambe
56%
Gillingham
55%
{Grimsby} Town
55%
{Swindon} Town
55%
{Milton} {Keynes} {Dons}
54%
{Doncaster} Rovers
52%
{Mansfield} Town
52%
Blackpool
51%
{Carlisle} United
51%
{Crewe} {Alexandra}
51%
{Leyton} {Orient}
51%
{Cheltenham} Town
50%
{Colchester} United
50%
{Exeter} City
50%
{Lincoln} City
50%
{Northampton} Town
50%
{Queens} {Park} {Rangers}
50%
Walsall
49%
{Newport} County
48%
{Port} {Vale}
47%
{Fleetwood} Town
45%
{Cambridge} United
44%
{Peterborough} United
42%
{Shrewsbury} Town
42%
{Accrington} {Stanley}
41%
{Crawley} Town
38%
{Stockport} County
36%
{Tranmere} Rovers
36%
Stevenage
35%
Barrow
34%
{Sutton} United
34%
{Harrogate} Town
32%

Score Distribution

Percentile by Number Answered

Percent of People with Each Score

Your Score History

You have not taken this quiz since the last reset